Assessing the impact of A8 immigrants on UK wages
Rozdelenie imigrantov z krajín A8 (krajiny EÚ prijaté 1.5.2004) v sektoroch hospodárstva vo VB. Migrácia obyvateľstva, pracovná sila a ekonomická teória. Politika VB ohľadom prílevu imigrantov. Dopady imigrácie na nezamestnanosť a mzdy. Rozšírenie modelu imigrácie na pracovnom trhu pre viacsektorovú...
Na minha lista:
| Autor principal: | |
|---|---|
| Outros Autores: | , , |
| Formato: | Capítulo de Livro |
| Idioma: | inglês |
| Assuntos: | |
| Tags: |
Sem tags, seja o primeiro a adicionar uma tag!
|
MARC
| LEADER | 00000naa a2200000 4500 | ||
|---|---|---|---|
| 001 | 0204676 | ||
| 005 | 20230918095919.6 | ||
| 041 | 0 | |a eng | |
| 044 | |a SK | ||
| 245 | 1 | 0 | |a Assessing the impact of A8 immigrants on UK wages |c Keith Bamwesigye, Alexandra Dolgošová, Aminata Lahai, Sara Mahmoud |
| 520 | |a Rozdelenie imigrantov z krajín A8 (krajiny EÚ prijaté 1.5.2004) v sektoroch hospodárstva vo VB. Migrácia obyvateľstva, pracovná sila a ekonomická teória. Politika VB ohľadom prílevu imigrantov. Dopady imigrácie na nezamestnanosť a mzdy. Rozšírenie modelu imigrácie na pracovnom trhu pre viacsektorovú ekonomiku. Ostatné ukazovatele imigrácie v hospodárstve VB. | ||
| 610 | 2 | 0 | |a imigrácia |
| 610 | 2 | 0 | |a trh práce |
| 610 | 2 | 0 | |a mzdy |
| 610 | 2 | 0 | |a nezamestnanosť |
| 610 | 2 | 0 | |a Veľká Británia |
| 100 | 1 | |a Bamwesigye, Keith | |
| 700 | 1 | |a Dolgošová, Alexandra | |
| 700 | 1 | |a Lahai, Aminata | |
| 700 | 1 | |a Mahmoud, Sara | |